[Event "Vecindario Montalvo Memorial 14th"]
[Site "Vecindario"]
[Date "2022.09.04"]
[Round "2"]
[White "Jimenez Castro, Jose Daniel"]
[Black "Perdomo Suarez, Juan Manuel"]
[Result "0-1"]
[WhiteElo "1154"]
[BlackElo "1488"]
[PlyCount "50"]
[EventDate "2022.09.04"]
[EventType "swiss"]
[EventRounds "9"]
[EventCountry "ESP"]
[SourceTitle "CBM 210 Extra"]
[Source "ChessBase"]
[SourceDate "2022.11.30"]
[SourceVersion "1"]
[SourceVersionDate "2022.11.30"]
[SourceQuality "1"]

1. e4 c5 2. Nf3 e6 3. Nc3 a6 4. d4 cxd4 5. Nxd4 Qc7 6. Bd3 d6 7. 0-0 Nf6 8. Re1 Be7 9. Bg5 Nbd7 10. Nf3 0-0 11. Qe2 Ne5 12. Nxe5 dxe5 13. Qd2 Rd8 14. Re3 b5 15. a3 Bb7 16. Rae1 Rd7 17. Rh3 Rad8 18. Qe2 h6 19. Bxf6 Bxf6 20. Qg4 Kh8 21. Ree3 Be7 22. Reg3 Bf6 23. Rxh6+ gxh6 24. Rh3 Bg7 25. Ne2 Qxc2 0-1

[Event "Vecindario Montalvo Memorial 14th"]
[Site "Vecindario"]
[Date "2022.09.04"]
[Round "1"]
[White "Perdomo Suarez, Juan Manuel"]
[Black "Romero Calduch, Sergio"]
[Result "0-1"]
[WhiteElo "1488"]
[BlackElo "2233"]
[PlyCount "88"]
[EventDate "2022.09.04"]
[EventType "swiss"]
[EventRounds "9"]
[EventCountry "ESP"]
[SourceTitle "CBM 210 Extra"]
[Source "ChessBase"]
[SourceDate "2022.11.30"]
[SourceVersion "1"]
[SourceVersionDate "2022.11.30"]
[SourceQuality "1"]

1. e4 c6 2. d4 d5 3. Nc3 dxe4 4. Nxe4 Bf5 5. Ng3 Bg6 6. Bc4 e6 7. Nf3 Nf6 8. Nh4 Bd6 9. Nxg6 hxg6 10. Qf3 Bxg3 11. Qxg3 Qxd4 12. Qb3 b5 13. Be2 Nbd7 14. Be3 Qd6 15. Rd1 Nd5 16. g3 Qc7 17. Bc1 Qe5 18. Qd3 Rd8 19. 0-0 Qf5 20. Qxf5 gxf5 21. c4 bxc4 22. Bxc4 Ne5 23. Be2 Ke7 24. f4 Ng4 25. h4 Nge3 26. Bxe3 Nxe3 27. Rxd8 Rxd8 28. Rf3 Nd5 29. Rb3 Nb6 30. Kf2 c5 31. Kf3 c4 32. Rb4 Rc8 33. a4 c3 34. bxc3 Rxc3+ 35. Kf2 Ra3 36. Bb5 a5 37. Rd4 g6 38. Rd3 Rxd3 39. Bxd3 Nxa4 40. Ke3 Nc5 41. Bc4 Ne4 42. g4 Nd6 43. Be2 fxg4 44. Bxg4 Nf5+ 0-1

[Event "Liga Insular Gran Canaria 2b"]
[Site "Las Palmas"]
[Date "2019.05.25"]
[Round "9.1"]
[White "Perdomo Suarez, Juan Manuel"]
[Black "Quesada Mederos, Victoriano"]
[Result "1-0"]
[WhiteElo "1508"]
[BlackElo "1442"]
[PlyCount "150"]
[EventDate "2019.03.02"]
[EventType "team-tourn"]
[EventRounds "10"]
[EventCountry "ESP"]
[SourceTitle "EXT 2021"]
[Source "ChessBase"]
[SourceDate "2020.10.23"]
[SourceVersion "1"]
[SourceVersionDate "2020.10.23"]
[SourceQuality "1"]
[WhiteTeam "Hotel Avda de Canarias IV"]
[BlackTeam "Sociedad La Montana IV"]
[WhiteTeamCountry "ESP"]
[BlackTeamCountry "ESP"]

1. e4 Nc6 2. d4 e6 3. Bd3 b6 4. f4 g6 5. Nf3 Bg7 6. c3 Bb7 7. Be3 Nf6 8. Rf1 Ng4 9. Bg1 d6 10. Nbd2 0-0 11. h3 Nf6 12. Qe2 Nd7 13. g4 Ne7 14. f5 exf5 15. gxf5 Re8 16. 0-0-0 Nxf5 17. Qh2 Ne7 18. h4 c5 19. Qxd6 Rc8 20. d5 Ne5 21. Qxd8 Rexd8 22. Bc2 Ng4 23. Ng5 Rf8 24. Bb3 b5 25. Rf4 Ne5 26. Kb1 c4 27. Bc2 a5 28. Rdf1 b4 29. Bd4 b3 30. axb3 cxb3 31. Bxb3 Ba6 32. Bxe5 Bxe5 33. Rxf7 Bxf1 34. Rxf8+ Rxf8 35. d6+ Kh8 36. dxe7 Bd3+ 37. Ka2 Re8 38. Nf7+ Kg7 39. Nxe5 Bxe4 40. Nxe4 Rxe7 41. Nc6 Rxe4 42. Nxa5 Rxh4 43. c4 Rh5 44. Nb7 g5 45. c5 Rh6 46. Bd5 Ra6+ 47. Kb3 Ra8 48. c6 Rc8 49. Nd6 Rb8+ 50. Kc3 g4 51. c7 Rf8 52. c8Q Rxc8+ 53. Nxc8 g3 54. Kd3 h5 55. Ke2 h4 56. Kf1 h3 57. b4 Kf8 58. b5 Ke8 59. b6 Kd7 60. b7 Kc7 61. Ne7 Kb8 62. Nf5 g2+ 63. Kg1 Kc7 64. Ne3 Kb8 65. Ng4 Kc7 66. Nf2 Kb8 67. Nxh3 Kc7 68. Kxg2 Kb8 69. Kf3 Kc7 70. Ke4 Kb8 71. Kd4 Kc7 72. Kc5 Kb8 73. Kb5 Kc7 74. Ka6 Kb8 75. Bc6 Kc7 1-0

[Event "Liga Insular Gran Canaria 1b"]
[Site "Las Palmas"]
[Date "2019.03.23"]
[Round "4.3"]
[White "Suarez Rodriguez, Doramas"]
[Black "Perdomo Suarez, Juan Manuel"]
[Result "1-0"]
[WhiteElo "1637"]
[BlackElo "1508"]
[PlyCount "88"]
[EventDate "2019.03.02"]
[EventType "team-tourn"]
[EventRounds "7"]
[EventCountry "ESP"]
[SourceTitle "EXT 2021"]
[Source "ChessBase"]
[SourceDate "2020.10.23"]
[SourceVersion "1"]
[SourceVersionDate "2020.10.23"]
[SourceQuality "1"]
[WhiteTeam "La Aldea"]
[BlackTeam "Hotel Avda de Canarias II"]
[WhiteTeamCountry "ESP"]
[BlackTeamCountry "ESP"]

1. d4 Nf6 2. c4 e6 3. Nc3 Bb4 4. Nf3 b6 5. e3 Bb7 6. Be2 c5 7. a3 Bxc3+ 8. bxc3 0-0 9. 0-0 d5 10. cxd5 Nxd5 11. Qb3 cxd4 12. cxd4 Nd7 13. a4 N7f6 14. Ba3 Re8 15. Bb5 Nd7 16. Ne5 N5f6 17. Rfc1 Bd5 18. Qb4 Nxe5 19. dxe5 Nd7 20. e4 Bb7 21. Rd1 Bc8 22. Rac1 a6 23. Bc6 Ra7 24. Rd6 Qg5 25. Rcd1 Qxe5 26. Bb2 Qc5 27. Qxc5 bxc5 28. Bxd7 Bxd7 29. Rxd7 Rxd7 30. Rxd7 Rb8 31. f3 h6 32. Bc3 Rb3 33. Bd2 c4 34. Rc7 Rd3 35. Be1 Rd4 36. Bc3 Rd1+ 37. Kf2 Rc1 38. Rxc4 Kh7 39. Rc5 Kg6 40. Bb4 Ra1 41. a5 h5 42. h4 Rb1 43. Bd2 Rh1 44. Rg5+ Kf6 1-0

[Event "Gran Canaria Cabildo op"]
[Site "Gran Canaria"]
[Date "2019.03.19"]
[Round "3"]
[White "Almeida Cubas, Mirella"]
[Black "Perdomo Suarez, Juan Manuel"]
[Result "0-1"]
[WhiteElo "1435"]
[BlackElo "1508"]
[PlyCount "120"]
[EventDate "2019.03.12"]
[EventType "swiss"]
[EventRounds "7"]
[EventCountry "ESP"]
[SourceTitle "CBM 189 Extra"]
[Source "ChessBase"]
[SourceDate "2019.06.03"]
[SourceVersion "1"]
[SourceVersionDate "2019.06.03"]
[SourceQuality "1"]

1. c4 Nf6 2. Nf3 b6 3. g3 Bb7 4. Bg2 e6 5. 0-0 c5 6. Nc3 Be7 7. d4 cxd4 8. Nxd4 Bxg2 9. Kxg2 0-0 10. b3 d5 11. cxd5 Nxd5 12. Nxd5 Qxd5+ 13. Nf3 Rd8 14. Bb2 Nc6 15. Qxd5 Rxd5 16. Rfd1 Rad8 17. Rxd5 Rxd5 18. Rc1 Bc5 19. a3 a5 20. Rc4 f6 21. Rc2 Kf7 22. Rd2 Rxd2 23. Nxd2 e5 24. Ne4 Bd4 25. Bc3 Ke6 26. e3 Bxc3 27. Nxc3 f5 28. e4 g6 29. f3 Nd4 30. b4 axb4 31. axb4 Kd6 32. Kf2 Nc2 33. Nd5 fxe4 34. fxe4 Kc6 35. Kf3 Kb5 36. Kg4 Nxb4 37. Nxb6 Kxb6 38. Kg5 Kc5 39. Kh6 Kd4 40. Kxh7 g5 41. h4 gxh4 42. gxh4 Kxe4 43. Kg6 Nd5 44. Kg5 Nf4 45. Kg4 Ng6 46. h5 Nh8 47. Kg5 Kf3 48. Kh6 Kg4 49. Kg7 Kxh5 50. Kf6 e4 51. Kf5 e3 52. Ke4 e2 53. Kd3 e1Q 54. Kc2 Kg4 55. Kb2 Qd2+ 56. Ka1 Qb4 57. Ka2 Nf7 58. Ka1 Nd6 59. Ka2 Nc4 60. Ka1 Qb2# 0-1

[Event "Liga Insular Gran Canaria 2b"]
[Site "Las Palmas"]
[Date "2019.03.16"]
[Round "3.2"]
[White "Cruz Goyes, Cristian"]
[Black "Perdomo Suarez, Juan Manuel"]
[Result "1-0"]
[WhiteElo "1036"]
[BlackElo "1508"]
[PlyCount "113"]
[EventDate "2019.03.02"]
[EventType "team-tourn"]
[EventRounds "10"]
[EventCountry "ESP"]
[SourceTitle "EXT 2021"]
[Source "ChessBase"]
[SourceDate "2020.10.23"]
[SourceVersion "1"]
[SourceVersionDate "2020.10.23"]
[SourceQuality "1"]
[WhiteTeam "Maspalomas II"]
[BlackTeam "Hotel Avda de Canarias IV"]
[WhiteTeamCountry "ESP"]
[BlackTeamCountry "ESP"]

1. e4 e5 2. Nf3 Nc6 3. Bb5 a6 4. Ba4 Nf6 5. 0-0 b5 6. Bb3 Bc5 7. Re1 0-0 8. c3 h6 9. d4 exd4 10. cxd4 Bb4 11. Bd2 Re8 12. Bxb4 Nxb4 13. a3 Nc6 14. Nc3 Bb7 15. e5 Nh7 16. Qd3 Ng5 17. Bd5 Na5 18. Bxb7 Nxb7 19. Ne4 Ne6 20. Qd2 d6 21. exd6 Nxd6 22. Nxd6 Qxd6 23. Rad1 Nf4 24. Ne5 Nd5 25. Nf3 Kf8 26. Qc2 Rxe1+ 27. Rxe1 Re8 28. Qc5 Rxe1+ 29. Nxe1 Nf4 30. Qxd6+ cxd6 31. Kf1 Ke7 32. g3 Ne6 33. Nc2 Kf6 34. Ke2 Kf5 35. Ke3 h5 36. Nb4 a5 37. Nc6 a4 38. h3 d5 39. Na7 Nc7 40. f3 f6 41. f4 g5 42. fxg5 fxg5 43. Kf3 Ke6 44. h4 gxh4 45. gxh4 Kf5 46. Nc6 Ne6 47. Ne7+ Kf6 48. Nxd5+ Kf5 49. Ne3+ Kf6 50. Ke4 Ng7 51. Nd5+ Kg6 52. Ke5 Ne8 53. Nf4+ Kh6 54. d5 Kg7 55. Nxh5+ Kf7 56. d6 Nxd6 57. Kxd6 1-0

[Event "Gran Canaria Santana Memorial 5th"]
[Site "Gran Canaria"]
[Date "2017.02.03"]
[Round "1"]
[White "Perez Guerra, Raul"]
[Black "Perdomo Suarez, Juan Manuel"]
[Result "1-0"]
[WhiteElo "1940"]
[BlackElo "1473"]
[PlyCount "69"]
[EventDate "2017.02.03"]
[EventType "swiss"]
[EventRounds "7"]
[EventCountry "ESP"]
[SourceTitle "CBM 177 Extra"]
[Source "ChessBase"]
[SourceDate "2017.04.27"]
[SourceVersion "1"]
[SourceVersionDate "2017.04.27"]
[SourceQuality "1"]

1. e4 e5 2. Nf3 Nc6 3. Bc4 Bc5 4. c3 d6 5. 0-0 Bg4 6. Qb3 Nh6 7. Qxb7 Ne7 8. Bb5+ Kf8 9. Be2 Rb8 10. Qa6 Ng6 11. h3 Bc8 12. Qc4 Be6 13. Qa6 Nf4 14. Bd1 Bc8 15. Qa4 Nd3 16. Qc2 Ba6 17. Be2 Nxf2 18. d4 Nxh3+ 19. gxh3 Bxe2 20. Qxe2 exd4 21. cxd4 Bb6 22. Qc4 Qf6 23. Be3 Qg6+ 24. Kh2 Qxe4 25. Bxh6 gxh6 26. Ng5 d5 27. Qb4+ c5 28. Nxe4 Bc7+ 29. Kh1 Rxb4 30. Nxc5 Rxb2 31. Ne6+ Ke7 32. Nxc7 Rc8 33. Nxd5+ Kd6 34. Nbc3 Rc4 35. Rf6+ 1-0

[Event "Gran Canaria Dominguez Memorial 3rd"]
[Site "Gran Canaria"]
[Date "2016.06.03"]
[Round "6"]
[White "Ramirez Maillo, Cristian"]
[Black "Perdomo Suarez, Juan Manuel"]
[Result "1-0"]
[WhiteElo "1734"]
[BlackElo "1433"]
[PlyCount "51"]
[EventDate "2016.05.17"]
[EventType "swiss"]
[EventRounds "7"]
[EventCountry "ESP"]
[SourceTitle "CBM 172 Extra"]
[Source "ChessBase"]
[SourceDate "2016.06.21"]
[SourceVersion "1"]
[SourceVersionDate "2016.06.21"]
[SourceQuality "1"]

1. e4 e5 2. f4 exf4 3. Nf3 g5 4. Bc4 d6 5. 0-0 Be6 6. Bxe6 fxe6 7. Nd4 e5 8. Qh5+ Kd7 9. Qg4+ Ke8 10. Ne6 h5 11. Qf5 Qe7 12. Qg6+ Kd7 13. Nxg5 Bh6 14. Nf7 Nc6 15. Nxh8 Bg7 16. Nf7 Bf6 17. Nc3 Nb4 18. a3 Bh4 19. axb4 Nf6 20. Nd5 Nxd5 21. exd5 Rf8 22. Nh6 Rf6 23. Qxh5 Qh7 24. Qg4+ Ke7 25. Rxa7 Rg6 26. Qxh4+ 1-0

[Event "Las Palmas Insular-chT Primera-B"]
[Site "Las Palmas"]
[Date "2016.01.16"]
[Round "9.3"]
[White "Perdomo Suarez, Juan Manuel"]
[Black "Garcia Almeida, Aitana Maria"]
[Result "0-1"]
[WhiteElo "1374"]
[BlackElo "1208"]
[PlyCount "55"]
[EventDate "2015.10.17"]
[EventType "team-tourn"]
[EventRounds "14"]
[EventCountry "ESP"]
[SourceTitle "CBM 170 Extra"]
[Source "ChessBase"]
[SourceDate "2016.02.25"]
[SourceVersion "1"]
[SourceVersionDate "2016.02.25"]
[SourceQuality "1"]
[WhiteTeam "Hotel Avda de Canarias V"]
[BlackTeam "El Puerto de Santa Lucia"]
[WhiteTeamCountry "ESP"]
[BlackTeamCountry "ESP"]

1. e4 c5 2. Nf3 e6 3. d4 cxd4 4. Nxd4 Qc7 5. Nc3 a6 6. Bg5 d6 7. Qd2 Nd7 8. 0-0-0 Ngf6 9. f4 Be7 10. f5 e5 11. Nf3 b5 12. Nd5 Nxd5 13. Qxd5 Bb7 14. Qd2 Bxe4 15. Bxe7 Kxe7 16. Bd3 Bb7 17. Qg5+ Kf8 18. Be2 Rc8 19. Rd2 Nc5 20. f6 Rg8 21. Rhd1 Ne4 22. fxg7+ Rxg7 23. Qh6 Nxd2 24. Rxd2 Be4 25. Qxd6+ Qxd6 26. Rxd6 Rxc2+ 27. Kd1 Rxg2 28. Ne1 0-1

[Event "Las Palmas Insular-chT Pref-A"]
[Site "Las Palmas"]
[Date "2016.01.09"]
[Round "8.3"]
[White "Reyes Molina, Juan Pedro"]
[Black "Perdomo Suarez, Juan Manuel"]
[Result "0-1"]
[WhiteElo "1660"]
[BlackElo "1385"]
[PlyCount "76"]
[EventDate "2015.10.17"]
[EventType "team-tourn"]
[EventRounds "14"]
[EventCountry "ESP"]
[SourceTitle "CBM 170 Extra"]
[Source "ChessBase"]
[SourceDate "2016.02.25"]
[SourceVersion "1"]
[SourceVersionDate "2016.02.25"]
[SourceQuality "1"]
[WhiteTeam "Sociedad La Montana II"]
[BlackTeam "Hotel Avda de Canarias III"]
[WhiteTeamCountry "ESP"]
[BlackTeamCountry "ESP"]

1. d4 Nf6 2. c4 e6 3. Nc3 d5 4. Nf3 c6 5. e3 Nbd7 6. cxd5 exd5 7. Bd3 Bd6 8. 0-0 0-0 9. a3 Re8 10. Qc2 Nf8 11. h3 Bd7 12. e4 dxe4 13. Nxe4 Nxe4 14. Bxe4 h6 15. Bd2 Qf6 16. Rfe1 Bc7 17. d5 Bb6 18. Bc3 Qd8 19. dxc6 Bxc6 20. Bxc6 bxc6 21. Rad1 Qc7 22. Re2 Ng6 23. Rde1 Rxe2 24. Qxe2 Rd8 25. Qe4 Qd6 26. Bb4 Qg3 27. Nd4 Bxd4 28. Qxd4 Qxg2+ 29. Kxg2 Rxd4 30. Rc1 Nf4+ 31. Kf3 Nd3 32. Ke3 Rxb4 33. Kxd3 Rxb2 34. Rxc6 Rxf2 35. Ra6 Rf3+ 36. Ke4 Rxh3 37. Rxa7 g5 38. a4 g4 0-1

[Event "Las Palmas Insular-chT Primera-B"]
[Site "Las Palmas"]
[Date "2015.12.05"]
[Round "5.4"]
[White "Perdomo Suarez, Juan Manuel"]
[Black "Rodriguez Mesa, Alejandro"]
[Result "1-0"]
[WhiteElo "1374"]
[BlackElo "1072"]
[PlyCount "127"]
[EventDate "2015.10.17"]
[EventType "team-tourn"]
[EventRounds "14"]
[EventCountry "ESP"]
[SourceTitle "CBM 170 Extra"]
[Source "ChessBase"]
[SourceDate "2016.02.25"]
[SourceVersion "1"]
[SourceVersionDate "2016.02.25"]
[SourceQuality "1"]
[WhiteTeam "Hotel Avda de Canarias V"]
[BlackTeam "La Caja de Canarias IV"]
[WhiteTeamCountry "ESP"]
[BlackTeamCountry "ESP"]

1. Nf3 Nc6 2. g3 e5 3. Nc3 Bc5 4. d3 Nf6 5. Bg2 Ng4 6. 0-0 d5 7. h3 Nf6 8. a3 d4 9. Nb1 0-0 10. c3 Re8 11. Qb3 b6 12. Ng5 Re7 13. Bxc6 Rb8 14. Bg2 h6 15. Ne4 Nxe4 16. dxe4 Be6 17. Qc2 Bc4 18. cxd4 Qxd4 19. Be3 Qd6 20. Qxc4 Bxe3 21. fxe3 b5 22. Qd5 Qb6 23. Rf3 c6 24. Qb3 a5 25. Nc3 a4 26. Qa2 h5 27. Raf1 Rf8 28. Qb1 g5 29. Qc1 g4 30. Rf5 gxh3 31. Rg5+ Kh7 32. Rxh5+ Kg6 33. Rxh3 f5 34. Kh2 b4 35. axb4 Qxb4 36. exf5+ Rxf5 37. Be4 Ref7 38. g4 Kg7 39. Rhf3 Rxf3 40. Rxf3 Qf8 41. Kg3 Rxf3+ 42. exf3 Qa8 43. Qh1 Qh8 44. Qh4 Qxh4+ 45. Kxh4 Kf7 46. f4 c5 47. g5 exf4 48. exf4 Kg7 49. f5 Kf7 50. f6 c4 51. Kh5 Ke6 52. Bd5+ Kd6 53. f7 Ke7 54. g6 Kf8 55. Kh6 a3 56. Kg5 axb2 57. Kf5 Kg7 58. Ke6 Kf8 59. g7+ Kxg7 60. Ke7 Kg6 61. f8Q Kh5 62. Qg7 b1Q 63. Bf3+ Kh4 64. Qg4# 1-0

[Event "Las Palmas Insular-chT Primera-A"]
[Site "Las Palmas"]
[Date "2015.11.07"]
[Round "2.4"]
[White "Perdomo Suarez, Juan Manuel"]
[Black "Moyano Garcia, Ricardo"]
[Result "0-1"]
[WhiteElo "1374"]
[BlackElo "2008"]
[PlyCount "48"]
[EventDate "2015.10.17"]
[EventType "team-tourn"]
[EventRounds "14"]
[EventCountry "ESP"]
[SourceTitle "CBM 170 Extra"]
[Source "ChessBase"]
[SourceDate "2016.02.25"]
[SourceVersion "1"]
[SourceVersionDate "2016.02.25"]
[SourceQuality "1"]
[WhiteTeam "Hotel Avda de Canarias IV"]
[BlackTeam "Univacit Guia"]
[WhiteTeamCountry "ESP"]
[BlackTeamCountry "ESP"]

1. e4 c5 2. Nf3 a6 3. d4 cxd4 4. Nxd4 Nf6 5. Nc3 e5 6. Nf5 d5 7. f3 d4 8. Ne2 g6 9. Nfg3 Qb6 10. Qd3 Nc6 11. a3 Nd7 12. b4 a5 13. bxa5 Qxa5+ 14. Bd2 Qa4 15. c3 Nc5 16. Qb1 Nb3 17. Ra2 Nxd2 18. Rxd2 Bxa3 19. Kf2 Bc5 20. cxd4 exd4 21. Qd3 Ne5 22. Qc2 Qb4 23. Rd3 Nxd3+ 24. Qxd3 Ra3 0-1

[Event "Las Palmas Centro Goya op"]
[Site "Las Palmas"]
[Date "2014.12.06"]
[Round "7"]
[White "Perdomo Suarez, Juan Manuel"]
[Black "Monteiro Rodrigues, Carlos"]
[Result "1-0"]
[WhiteElo "1346"]
[BlackElo "1512"]
[PlyCount "245"]
[EventDate "2014.12.01"]
[EventType "swiss"]
[EventRounds "9"]
[EventCountry "ESP"]
[SourceTitle "CBM 163 Extra"]
[Source "ChessBase"]
[SourceDate "2014.12.23"]
[SourceVersion "1"]
[SourceVersionDate "2014.12.23"]
[SourceQuality "1"]

1. e4 e5 2. Nf3 Nc6 3. Bb5 a6 4. Ba4 Nf6 5. 0-0 b5 6. Bb3 Be7 7. Re1 0-0 8. c3 d5 9. exd5 Nxd5 10. Nxe5 Nxe5 11. Rxe5 Nf6 12. d4 Bd6 13. Re1 Ng4 14. g3 Qf6 15. f3 Nh6 16. Bd5 Rb8 17. Nd2 Bf5 18. Ne4 Bxe4 19. Bxe4 Rbe8 20. Qd3 Kh8 21. Bd2 Re7 22. Bb7 Rfe8 23. Rxe7 Rxe7 24. Re1 Rxe1+ 25. Bxe1 c5 26. Bxa6 Bxg3 27. Bxg3 Qxa6 28. dxc5 Qxa2 29. Qxb5 Qb1+ 30. Kg2 Qc2+ 31. Kh3 Qf5+ 32. Kg2 Qc2+ 33. Kf1 Qf5 34. Qb8+ Ng8 35. Qf4 Qb1+ 36. Be1 Qxb2 37. Qxf7 Qb5+ 38. c4 Qxc5 39. Bc3 Qg5 40. h4 Qg3 41. h5 h6 42. Ke2 Qg2+ 43. Kd3 Qf1+ 44. Kc2 Qf2+ 45. Kb3 Qb6+ 46. Kc2 Qf2+ 47. Kd3 Qf1+ 48. Ke4 Qe2+ 49. Kd5 Qd3+ 50. Bd4 Nf6+ 51. Kc5 Qa3+ 52. Kb6 Qb3+ 53. Ka6 Qa4+ 54. Kb7 Qb4+ 55. Kc7 Qa5+ 56. Bb6 Qe5+ 57. Kb7 Qe2 58. c5 Qxf3+ 59. c6 Qg2 60. Bd4 Ng8 61. Kb6 Qg3 62. Qd5 Qb8+ 63. Ka6 Qc8+ 64. Kb5 Qe8 65. Qd7 Qb8+ 66. Qb7 Qg3 67. Bc5 Qb3+ 68. Ka6 Qa4+ 69. Kb6 Qb3+ 70. Kc7 Qf7+ 71. Kb8 Qf4+ 72. c7 Qe5 73. Ka8 Qxc5 74. c8Q Qxh5 75. Qcc7 Qe8+ 76. Ka7 Qa4+ 77. Qa6 Qd4+ 78. Qcb6 Qd7+ 79. Qab7 Qa4+ 80. Kb8 Qe8+ 81. Qc8 Qe5+ 82. Qcc7 Qe8+ 83. Qd8 Qe5+ 84. Qbc7 Qb5+ 85. Kc8 Qa6+ 86. Kd7 Qd3+ 87. Ke8 Qg6+ 88. Qf7 Qe4+ 89. Kf8 Qb4+ 90. Ke8 Qe4+ 91. Kd7 Qd4+ 92. Kc7 Qc5+ 93. Kb7 Qb4+ 94. Kc8 Qc3+ 95. Qfc7 Qh3+ 96. Qdd7 Qg2 97. Qb7 Qc2+ 98. Kb8 Qg6 99. Qd4 Qe8+ 100. Ka7 Qg6 101. Qc7 Qg2 102. Qf7 Qg5 103. Ka6 Qg2 104. Qdc4 Qa8+ 105. Kb5 Qb8+ 106. Ka4 Qa8+ 107. Kb3 Qb8+ 108. Ka2 Qa8+ 109. Kb2 Qg2+ 110. Qc2 Qg5 111. Qff5 Qf6+ 112. Qxf6 Nxf6 113. Qg6 Kg8 114. Kc3 Kf8 115. Kd4 Kg8 116. Ke5 Nd7+ 117. Kd6 Nf6 118. Ke7 Nd5+ 119. Ke8 Nf6+ 120. Kd8 Kf8 121. Qf5 Kf7 122. Qc8 Kf8 123. Qe6 1-0

[Event "Vecindario Ansite 4th B"]
[Site "Vecindario"]
[Date "2014.09.03"]
[Round "4.4"]
[White "Donate Villalba, Juan Francisco"]
[Black "Perdomo Suarez, Juan Manuel"]
[Result "1-0"]
[WhiteElo "1405"]
[BlackElo "1295"]
[PlyCount "43"]
[EventDate "2014.08.25"]
[EventType "tourn"]
[EventRounds "7"]
[EventCountry "ESP"]
[SourceTitle "EXT 2024"]
[Source "ChessBase"]
[SourceDate "2023.10.10"]
[SourceVersion "1"]
[SourceVersionDate "2023.10.10"]
[SourceQuality "1"]

1. d4 Nf6 2. c4 g6 3. Nc3 Bg7 4. Nf3 0-0 5. g3 c5 6. e3 cxd4 7. exd4 b6 8. Bg2 Bb7 9. 0-0 d6 10. Re1 Nbd7 11. Be3 Ng4 12. Qb3 h6 13. Rad1 f5 14. c5+ Kh7 15. cxd6 exd6 16. Bf4 Re8 17. Nb5 Rxe1+ 18. Rxe1 Bxf3 19. Bxf3 a6 20. Nxd6 Ra7 21. Re8 Qf6 22. Qg8# 1-0

[Event "Vecindario Ansite 4th B"]
[Site "Vecindario"]
[Date "2014.08.25"]
[Round "1.3"]
[White "Perdomo Suarez, Juan Manuel"]
[Black "Sanchez Ramirez, Gustavo"]
[Result "1-0"]
[WhiteElo "1295"]
[BlackElo "1603"]
[PlyCount "99"]
[EventDate "2014.08.25"]
[EventType "tourn"]
[EventRounds "7"]
[EventCountry "ESP"]
[SourceTitle "EXT 2024"]
[Source "ChessBase"]
[SourceDate "2023.10.10"]
[SourceVersion "1"]
[SourceVersionDate "2023.10.10"]
[SourceQuality "1"]

1. d4 e6 2. c4 d5 3. Nf3 c5 4. cxd5 exd5 5. dxc5 Bxc5 6. g3 Nc6 7. a3 Nge7 8. Bg2 0-0 9. 0-0 Bf5 10. Nbd2 d4 11. b4 Bb6 12. Nh4 Be6 13. Nb3 Bc4 14. Nc5 Bxc5 15. bxc5 Qa5 16. Rb1 Rad8 17. Rxb7 Qa6 18. Rb2 d3 19. exd3 Rxd3 20. Qh5 Rxa3 21. Re1 Ra1 22. Bf1 Nd5 23. Nf3 Bxf1 24. Rxf1 Qc4 25. Qg5 Ncb4 26. Ne5 Qc3 27. Nd7 f6 28. Qd2 Rd8 29. Qxc3 Nxc3 30. Rxb4 Rxd7 31. Bb2 Rxf1+ 32. Kxf1 Ne4 33. Rxe4 Kf7 34. Ke2 f5 35. Rc4 Ke6 36. f4 Rb7 37. Bc3 Kd5 38. Kd3 Kc6 39. Rb4 Rd7+ 40. Bd4 g6 41. Rb8 Rf7 42. Rd8 a5 43. Kc4 Rb7 44. Rd6+ Kc7 45. Rb6 Ra7 46. Be5+ Kc8 47. Kb5 a4 48. Rb8+ Kd7 49. c6+ Ke6 50. c7 1-0

[Event "Gran Canaria Santa Lucia op 2nd"]
[Site "Gran Canaria"]
[Date "2014.08.18"]
[Round "7"]
[White "Yingrui, Lin"]
[Black "Perdomo Suarez, Juan Manuel"]
[Result "1-0"]
[WhiteElo "1537"]
[BlackElo "1295"]
[PlyCount "63"]
[EventDate "2014.08.14"]
[EventType "swiss"]
[EventRounds "9"]
[EventCountry "ESP"]
[SourceTitle "EXT 2015"]
[Source "ChessBase"]
[SourceDate "2014.11.20"]
[SourceVersion "1"]
[SourceVersionDate "2014.11.20"]
[SourceQuality "1"]

1. e4 c5 2. Nf3 d6 3. d4 cxd4 4. Nxd4 Nf6 5. Nc3 a6 6. Be3 g6 7. f3 Bg7 8. Bc4 0-0 9. Qd2 Re8 10. 0-0-0 b5 11. Bb3 e5 12. Nde2 Bf8 13. Bd5 Nxd5 14. Qxd5 Nc6 15. Qxc6 Be6 16. Qb6 Qc8 17. Bd2 b4 18. Nd5 a5 19. Nf6+ Kg7 20. Nxe8+ Qxe8 21. Kb1 d5 22. exd5 Rb8 23. Qc7 Rc8 24. Qxe5+ Kg8 25. dxe6 fxe6 26. Bg5 Qc6 27. Nd4 Qb7 28. Qxe6+ Kh8 29. Bf6+ Bg7 30. Bxg7+ Kxg7 31. Nf5+ Kh8 32. Qf6+ 1-0